000 01153nac a22003011i 4500
003 EG-ScBUE
005 20250715100757.0
008 250715s2005 enka f b 001 0 eng d
020 _a9780521847728
020 _a0521847729
040 _aEG-ScBUE
_beng
_erda
_cEG-ScBUE
_dEG-ScBUE
082 0 4 _a541.369
_bAND
_222
100 1 _aAnderson, G. M.,
_eauthor.
245 1 0 _aThermodynamics of natural systems /
_cG.M. Anderson, University of Toronto.
250 _aSecond edition.
264 1 _aCambridge ;
_aNew York :
_bCambridge University Press,
_c2005.
300 _axiv, 648 pages :
_billustrations ;
_c26 cm
336 _2rdacontent
_atext
_btxt
337 _aunmediated
_2rdamedia
_bn
338 _avolume
_bnc
_2rdacarrier
504 _aIncludes bibliographical references and index.
650 7 _aThermodynamics
_vTextbooks.
_2BUEsh
650 7 _aGeochemistry
_vTextbooks.
_2BUEsh
655 _vReading book
856 4 2 _3Publisher description
_uhttp://www.loc.gov/catdir/enhancements/fy0632/2005284189-d.html
856 4 2 _3Table of contents only
_uhttp://www.loc.gov/catdir/enhancements/fy0632/2005284189-t.html
942 _cBB
_2ddc
999 _c2479
_d2479